000 00369 a2200169 4500
001 46043
020 _a978-85-89526-20-3
040 _cAnchieta - Aquarius
100 _aGalrão, Iray
240 1 0 _aLendas africanas
_lpor
245 1 0 _aLendas africanas
300 _a
362 0 _a2009
440 1 _aKalango
650 4 _aLiteratura infanto-juvenil
942 _cBK
999 _c46043
_d46043